Library Banner

Sharoot unahzat/ (Record no. 94338)

MARC details
000 -LEADER
fixed length control field 00373nam a22001457a 4500
005 - DATE AND TIME OF LATEST TRANSACTION
control field 20170605105939.0
008 - FIXED-LENGTH DATA ELEMENTS--GENERAL INFORMATION
fixed length control field 170605b xxu||||| |||| 00| 0 eng d
040 ## - CATALOGING SOURCE
Transcribing agency PK-LaUMT
082 ## - DEWEY DECIMAL CLASSIFICATION NUMBER
Classification number ZIAC 297.01
Item number MAL-S
100 ## - MAIN ENTRY--PERSONAL NAME
Personal name Malik bin Nabi
245 ## - TITLE STATEMENT
Title Sharoot unahzat/
Statement of responsibility, etc Malik bin Nabi
260 ## - PUBLICATION, DISTRIBUTION, ETC. (IMPRINT)
Place of publication, distribution, etc قاھرہ:
Name of publisher, distributor, etc دارالفکر،
Date of publication, distribution, etc 1969
300 ## - PHYSICAL DESCRIPTION
Extent 239 ص
942 ## - ADDED ENTRY ELEMENTS (KOHA)
Koha item type Books
Holdings
Withdrawn status Lost status Damaged status Home library Current library Date acquired Full call number Barcode Date last seen Price effective from Koha item type
      UMT Main Campus UMT Main Campus 2017-06-05 ZIAC 297.01 MAL-S 109941 2017-06-05 2017-06-05 Books